Modern Digital Electronic/ (Record no. 2195)

MARC details
000 -LEADER
Fixed length control field 00432nam a2200157 4500
003 - CONTROL NUMBER IDENTIFIER
Control field SEACOMEC
005 - DATE AND TIME OF LATEST TRANSACTION
Control field 20250416123719.0
008 - FIXED-LENGTH DATA ELEMENTS--GENERAL INFORMATION
Fixed length control field 250416b |||||||| |||| 00| 0 eng d
020 ## - INTERNATIONAL STANDARD BOOK NUMBER / ISBN
International Standard Book Number 8176601497
Price 370.00
040 ## - CATALOGING SOURCE
Original cataloging agency SEACOMEC
082 ## - DEWEY DECIMAL CLASSIFICATION NUMBER
Classification number 621.3815
Book Number C487
100 ## - MAIN ENTRY--PERSONAL NAME
Personal name haskar, Uttam M
245 ## - TITLE STATEMENT
Title Modern Digital Electronic/
Statement of responsibility U M Chaskar. & S L Patil,
260 ## - IMPRINT
Place of publication kolkata:
Name of publisher Everest Publishing House,
Date of publication 2010
942 ## - ADDED ENTRY ELEMENTS (KOHA)
Koha item type Books
Holdings
Withdrawn status Lost status Source of classification Damaged status Not for loan Home library Current library Date acquired Total Checkouts Call number Accession number Date last seen Price effective from Koha item type Copy number
    Dewey Decimal Classification     SEACOM ENGINEERING COLLEGE SEACOM ENGINEERING COLLEGE 13/02/2010   621.3815 C487 16037 16/04/2025 16/04/2025 Reference Books  
    Dewey Decimal Classification     SEACOM ENGINEERING COLLEGE SEACOM ENGINEERING COLLEGE 13/02/2010   621.3815 C487 16038 16/04/2025 16/04/2025 Books 1
    Dewey Decimal Classification     SEACOM ENGINEERING COLLEGE SEACOM ENGINEERING COLLEGE 13/02/2010   621.3815 C487 16039 16/04/2025 16/04/2025 Books 2
    Dewey Decimal Classification     SEACOM ENGINEERING COLLEGE SEACOM ENGINEERING COLLEGE 13/02/2010   621.3815 C487 16040 16/04/2025 16/04/2025 Books 3
    Dewey Decimal Classification     SEACOM ENGINEERING COLLEGE SEACOM ENGINEERING COLLEGE 13/02/2010   621.3815 C487 16041 16/04/2025 16/04/2025 Books 4
© Seacom Engineering College, All rights reserved.      Powered by Koha